[Event "Arequipa Llerena Memorial U2200"]
[Site "Arequipa"]
[Date "2016.12.10"]
[Round "5.11"]
[White "Sumaria Choqueluque, Alessandr"]
[Black "Lovon Manzano, Christian"]
[Result "0-1"]
[WhiteElo "1380"]
[BlackElo "1701"]
[PlyCount "60"]
[EventDate "2016.12.08"]
[EventType "swiss"]
[EventRounds "7"]
[EventCountry "PER"]
[SourceTitle "EXT 2024"]
[Source "ChessBase"]
[SourceDate "2023.10.10"]
[SourceVersion "1"]
[SourceVersionDate "2023.10.10"]
[SourceQuality "1"]

1. c4 c5 2. g3 g6 3. Bg2 Bg7 4. d3 Nc6 5. Nc3 Nf6 6. Nf3 d6 7. 0-0 0-0 8. Bd2 Bd7 9. Rb1 Qc8 10. Qc1 Bh3 11. Bh6 Bxg2 12. Kxg2 Nd4 13. Bxg7 Kxg7 14. Nxd4 cxd4 15. Nb5 e5 16. f3 Qc6 17. b4 Ng4 18. Rh1 Ne3+ 19. Kf2 a5 20. a3 d5 21. bxa5 dxc4 22. dxc4 Rxa5 23. Rb4 Rc8 24. Qb1 Qc5 25. Re1 d3 26. exd3 Ng4+ 27. Kg2 Qf2+ 28. Kh3 Qxh2+ 29. Kxg4 f5+ 30. Kg5 h6# 0-1

[Event "Arequipa Llerena Memorial U2200"]
[Site "Arequipa"]
[Date "2016.12.09"]
[Round "3.2"]
[White "Lovon Manzano, Christian"]
[Black "Cutipa, Gianfranco"]
[Result "0-1"]
[WhiteElo "1701"]
[BlackElo "2124"]
[PlyCount "80"]
[EventDate "2016.12.08"]
[EventType "swiss"]
[EventRounds "7"]
[EventCountry "PER"]
[SourceTitle "EXT 2024"]
[Source "ChessBase"]
[SourceDate "2023.10.10"]
[SourceVersion "1"]
[SourceVersionDate "2023.10.10"]
[SourceQuality "1"]

1. e4 d5 2. exd5 Qxd5 3. Nc3 Qa5 4. g3 Nf6 5. Bg2 c6 6. Nge2 h5 7. d3 h4 8. h3 hxg3 9. fxg3 e5 10. Bd2 Qb6 11. Na4 Qa6 12. Nac3 Be6 13. d4 Nbd7 14. dxe5 Nxe5 15. Bf4 Rd8 16. Qc1 Nc4 17. a4 Bc5 18. b3 Nd6 19. g4 Qa5 20. Bd2 Bb4 21. g5 Nh5 22. 0-0 Nf5 23. Rd1 Qc5+ 24. Kh2 Qe5+ 25. Bf4 Nxf4 26. Rxd8+ Kxd8 27. Qxf4 Bxc3 28. Rd1+ Ke7 29. Kh1 Qxf4 30. Nxf4 Rd8 31. Rxd8 Kxd8 32. g6 Ke7 33. gxf7 Bxf7 34. Nd3 Ne3 35. Be4 Bd5 36. Nc5 Bxe4+ 37. Nxe4 Be5 38. c4 b6 39. Kg1 Bd4 40. Kf2 Nxc4+ 0-1

[Event "Arequipa op 1st"]
[Site "Arequipa"]
[Date "2013.06.01"]
[Round "6"]
[White "Canaza, Rene"]
[Black "Lovon Manzano, Christian"]
[Result "0-1"]
[WhiteElo "1797"]
[BlackElo "1598"]
[PlyCount "104"]
[EventDate "2013.05.25"]
[EventType "swiss"]
[EventRounds "9"]
[EventCountry "PER"]
[SourceTitle "EXT 2014"]
[Source "ChessBase"]
[SourceDate "2013.11.20"]
[SourceVersion "1"]
[SourceVersionDate "2013.11.20"]
[SourceQuality "1"]

1. d4 Nf6 2. c4 g6 3. Nc3 Bg7 4. e4 d6 5. Bg5 0-0 6. Qd2 e5 7. d5 a5 8. h4 h5 9. f3 Qe8 10. Bd3 Na6 11. Nge2 c6 12. 0-0-0 Nb4 13. Bb1 cxd5 14. Bxf6 Bxf6 15. Nxd5 Nxd5 16. cxd5 Qe7 17. g3 Bd7 18. Bd3 Ba4 19. Rdg1 Bg7 20. g4 Kh7 21. Kb1 Bh6 22. g5 Bg7 23. Rc1 b6 24. Nc3 Bd7 25. Qe3 Rab8 26. Nb5 Bxb5 27. Bxb5 Rfc8 28. Rxc8 Rxc8 29. Qxb6 f6 30. Rg1 fxg5 31. hxg5 Qf8 32. Qxa5 Qxf3 33. Qe1 Rc5 34. a4 Qb3 35. Rg3 Qc2+ 36. Ka1 Qh2 37. Bd3 Qh4 38. Rg1 Qh3 39. Qe2 Qd7 40. Bb5 Qd8 41. Qf2 Qa5 42. Be8 Rc7 43. Bxg6+ Kg8 44. Be8 Qb4 45. Qe2 Qd4 46. Bc6 Qxg1+ 47. Ka2 Qxg5 48. b4 h4 49. b5 h3 50. b6 Rc8 51. Qa6 Qg2+ 52. Kb3 Rf8 0-1